| 000 | 01269nam a2200337 a 4500 | ||
|---|---|---|---|
| 001 | 0000261 | ||
| 003 | DO-SdBNP | ||
| 005 | 20180309120949.0 | ||
| 007 | 0000261 | ||
| 008 | 091130s2012 dr a 000 0 spa d | ||
| 020 | _a9789945117462 | ||
| 040 |
_aBPMSU _bspa _cBPMSU |
||
| 092 |
_a372.634 _bA719c, 1ro. 2012 |
||
| 100 | 1 | _aAriza Jiménez Malena, Martha | |
| 245 | 1 | 0 |
_aCaligrafía 1 : _beducación básica / _cMartha Ariza Jiménez Malena ; editora María Isabel Incháustegui; ilustración Ruddy Nuñez. |
| 260 |
_aSanto Domingo : _bSantillana, _c2012. |
||
| 300 |
_a64 p. : _bil. ; _c28 cm. |
||
| 490 | 1 | _aInnova | |
| 505 | 0 |
_tVamos a soltar la mano -- _tEste es el alfabeto -- _tVamos a escribir el alfabeto -- _tLas vocales -- _tLas consonantes -- _tGrupos consonánticos -- _tVamos a escribir poemas -- _tPl, Pr -- _tTl, Tr -- _tTarjeta postal -- |
|
| 650 | 4 |
_aCALIGRAFÍA _xESTUDIO Y ENSEÑANZA |
|
| 650 | 4 |
_aCALIGRAFÍA _xTÉCNICA |
|
| 650 | 4 |
_aCALIGRAFÍA _xLIBROS DE TEXTO |
|
| 650 | 4 |
_aCALIGRAFÍA _xENSEÑANZA CORRECTIVA |
|
| 700 | 1 |
_aIncháustegui, María Isabel, _eed. |
|
| 700 | 1 |
_aNúñez, Ruddy _eil. |
|
| 830 | 0 | _aInnova | |
| 910 | _a00144 | ||
| 942 |
_2ddc _cBK |
||
| 945 | _aRemanejado para la Bib. BNPHU, 2018/ YL | ||
| 956 |
_aYLOCKWARD _b10 |
||
| 999 |
_c8238 _d8238 |
||